Pohjoisimmat valtiot, joissa ei sada lunta - Statistics

Yleistilastot
  • Tätä visaa on pelattu 411 kertaa
  • Keskiarvotulos 9 / 18
Vastaustilastot
° N Valtio % Oikein
31,60 Egypti
80%
22,20 Sudan
67%
23,27 Kuuba
59%
35,92 Malta
58%
25,07 Mali
57%
23,48 Tšad
55%
23,52 Niger
53%
18,98 Jamaika
52%
20,07 Haiti
50%
27,27 Bahama
49%
20,45 Thaimaa
47%
19,92 Dominikaaninen tasavalta
46%
22,48 Laos
46%
30,10 Kuwait
45%
26,15 Qatar
45%
21,12 Filippiinit
38%
26,28 Bahrain
37%
26,63 Bangladesh
35%
Ehtoja vastaavia visoja ei löytynyt
Tulosjakauma
Jokaisen tuloksen saaneiden osuus
Persentiili vastausten määrän mukaan
Tuloshistoriasi
Et ole pelannut tätä visaa